000 01587nam a2200277 i 4500
003 DO-SdBNP
005 20250403145332.0
007 ta
008 250403b2024 dr o|||| |||| 00| 0 spa d
020 _a9789945500042
040 _aDO-SdBNP
_bspa
_cBNPHU
_erda
082 _axxx
_bT765
_222
245 0 3 _aLa tragedia de Coopegas contada por sus sobrevivientes y otros textos periodísticos /
264 _aSanto Domingo :
_bMinisterio de Cultura,
_bEditora Nacional,
_c2024.
300 _a64 páginas :
_bfotografías
_c21 cm.
336 _atexto
_btxt
_2rdacontent
337 _asin mediación
_bn
_2rdamedia
338 _avolumen
_bnc
_2rdacarrier
490 1 _aPeriodismo
500 _aLa biblioteca posee la reimpresión del 2024.
505 _gPrimer lugar --
_tLa tragedia de Coopegas contada por sus sobrevivientes --
_rFernando José Molina Mueses /
_gSegundo lugar --
_tReseña del dolor en dos poemarios dominicanos --
_rJosé Ángel Bratini /
_gTercer lugar --
_tSembrados en el Ozama, residentes vieron pasar a Luis Abinader --
_rHelenny Paola Amparo Padilla /
_gPrimera mención --
_tAnyelis Cedano: "El cáncer no duele, no da síntomas, y eso es lo peor... La vida con cáncer" --
_rEstefany Rodriguez Vier /
_gSegunda mención --
_tDoña Carmen: una mujer excepcional --
_rYadimir Crespo Liriano /
_gTercera mención --
_t"La lengua libre", el resurgimiento del Eros --
_rJordan Manuel Hernández Durán /
586 _aPremio Joven de Periodismo Orlando Martínez. Feria Internacional del Libro, 2021.
590 _aInventariado, 2025/ YL
910 _aYLockward
942 _2ddc
_cLBS1
999 _c58605
_d58605